| 000 | 00361nam a22001337a 4500 | ||
|---|---|---|---|
| 999 |
_c15289 _d15289 |
||
| 020 | _a81-89304-78-X | ||
| 082 |
_a631.7 _bSAI/WA |
||
| 100 |
_aSaini, S. K _aChandra, Subhash _92930 |
||
| 245 | _aWater conservation and utilization in agriculture production | ||
| 250 | _a1 | ||
| 260 |
_aDelhi _bSatish serial publishing house _c2010 |
||
| 300 | _a451 | ||
| 942 | _cBK | ||